Spell the Fantastic Four Member #10 - Statistics

General Stats
  • This quiz has been taken 19 times
  • The average score is 4 of 7
Answer Stats
Picture Answer % Correct
Invisible Woman
100%
Ant-Man
94%
Medusa
76%
Energizer
65%
Iceman
53%
Citadel
29%
Naja
18%
No matching quizzes found
Score Distribution
Percent of People with Each Score
Percentile by Number Answered
Your Score History
You have not taken this quiz